All Official Cities in Indonesia with a Map - Statistics

General Stats
  • This quiz has been taken 28 times
  • The average score is 46 of 95
Answers on the Map
Answers color-coded by a green-red scale on the quiz's map according to % correct below.
 
Answer Stats
Region City % Correct
Java Jakarta
100%
Java Bandung
91%
Java Surabaya
91%
Nusa Tenggara Denpasar
86%
Sumatra Medan
86%
Sulawesi Makassar
82%
Java Semarang
77%
Sumatra Palembang
73%
Java Yogyakarta
73%
Sumatra Bandar Lampung
68%
Sumatra Batam
68%
Java Bogor
68%
Java Malang
68%
Sumatra Padang
68%
Java Surakarta
68%
Java Banjar
64%
Java Bekasi
64%
Java Depok
64%
Papua Jayapura
64%
Sumatra Pekanbaru
64%
Java Serang
64%
Maluku Islands Ambon
59%
Sumatra Banda Aceh
59%
Sumatra Jambi
59%
Sulawesi Manado
59%
Nusa Tenggara Mataram
59%
Sulawesi Palu
59%
Kalimantan Samarinda
59%
Papua Sorong
59%
Java Tangerang
59%
Java Tasikmalaya
59%
Kalimantan Balikpapan
55%
Kalimantan Banjarmasin
55%
Sulawesi Gorontalo
55%
Nusa Tenggara Kupang
55%
Kalimantan Palangka Raya
55%
Sumatra Bengkulu
50%
Sumatra Bukittinggi
50%
Java Cirebon
50%
Sulawesi Kendari
50%
Kalimantan Pontianak
50%
Sumatra Tanjungpinang
50%
Kalimantan Tarakan
50%
Maluku Islands Ternate
50%
Kalimantan Banjarbaru
45%
Java Batu
45%
Sulawesi Bau-bau
45%
Sumatra Dumai
45%
Java Kediri
45%
Java Madiun
45%
Sumatra Padang Panjang
45%
Sumatra Pangkalpinang
45%
Kalimantan Singkawang
45%
Java South Tangerang
45%
Java Tegal
45%
Nusa Tenggara Bima
41%
Sulawesi Bitung
41%
Java Blitar
41%
Java Cilegon
41%
Java Cimahi
41%
Sumatra Metro
41%
Kalimantan Nusantara
41%
Java Pekalongan
41%
Sumatra Sabang
41%
Java Sukabumi
41%
Sumatra Binjai
36%
Java Magelang
36%
Java Mojokerto
36%
Sulawesi Parepare
36%
Java Pasuruan
36%
Java Probolinggo
36%
Java Salatiga
36%
Sulawesi Tomohon
36%
Kalimantan Bontang
32%
Sumatra Langsa
32%
Sumatra Lubuklinggau
32%
Sulawesi Palopo
32%
Sumatra Pariaman
32%
Sumatra Payakumbuh
32%
Sumatra Sibolga
32%
Sumatra Subulussalam
32%
Maluku Islands Tidore Islands
32%
Sumatra Gunungsitoli
27%
Sumatra Lhokseumawe
27%
Sumatra Padang Sidempuan
27%
Sumatra Pagar Alam
27%
Sumatra Pematangsiantar
27%
Sumatra Solok
27%
Sumatra Tanjungbalai
27%
Sulawesi Kotamobagu
23%
Sumatra Sawahlunto
23%
Sumatra Tebing Tinggi
23%
Maluku Islands Tual
23%
Sumatra Prabumulih
18%
Sumatra Sungai Penuh
18%
No matching quizzes found
Score Distribution
Percent of People with Each Score
Percentile by Number Answered
Your Score History
You have not taken this quiz